000 01627ngm a22003970a 4500
001 PT47237
003 AR-LpoUNG
005 20210202000008.0
007 vd cvaizq
008 191001s2008||||ag |||||||||||||||||ita d
040 _aAR-LpoUNG
_bspa
_cAR-LpoUNG
_eaacr
041 _aita
_aspa
044 _aag
082 0 _a303.64 396dol
100 1 _aFerroni, Giorgio
_edir.
245 1 3 _aUn dólar marcado
260 _aSan Luis :
_bAVH,
_c2008.
300 _aDVD (92 min.) : son., col.
505 0 _aHecha en 1965. Subtitulada en castellano. Protagonistas: Giuliano Gemma, Evelyn Stewart, Pierre Cressoy, Andrea Scotti, Massimo Righi. Música: Gianni Ferrio. Guión: Geiorgio Ferroni y Giorgio Stegani.
520 _aGary O'Hara, es un antiguo capitán confederado de la armada que regresa a su casa luego de la guerra y le comunica a su esposa que se irá al oeste junto a su hermano en busca de oro, y que enviará a buscarla cuando esté instalado. En un hostil pueblo del oeste sufre privaciones y dificultades de todo tipo, incluyendo el asesinato de su querido hermano. Lleno de frustración ante tanta injusticia, comienza una cruzada personal para hacer justicia frente a tanto villano del oeste y también para vengar la muerte de su hermano menor.
650 4 _aDELITOS
650 4 _aFAMILIA
650 4 _aFUERZAS ARMADAS
650 4 _aGUERRA
650 4 _aJUSTICIA
650 4 _aORO
650 4 _aRELACIONES HUMANAS
651 4 _aMundial
653 _aACCION
653 _aCINE ITALIANO
653 _aDVD
653 _aVIDEOS
653 _aWESTERN
905 _a47237
942 _cDVD
999 _c53933
_d53933